00752nam a2200205 a 4500008004100000020001500041050001600056100002400072245005400096250001200150260003100162300001900193350000900212500004100221650001700262700002500279995009300304999001700397952013200414120416s1990 ||||||||||||||||| || u a0256079595 aHF 5429 Mas aMason, Joseph Barry10aModern retailing: theory and practice. (5th ed. ) a5th ed. aHomewood:bBPI/Irwinc1990 axx, 826p.: ill a0.00 aIncludes bibliographical references. aRETAIL TRADE aMayer, Morris Lehman D0.00FCBU-MAIN LIBRARY (Kitwe)H1I45.95UAVAILABLEZMain Library Open Access Collection c51518d51518 00102lcc4070a001b001cMain Library Open Access Collectiond2022-11-30l0oHF 5429 Masp004912r2022-11-30w2022-11-30y002